000 00946nam a2200265 i 4500
001 000037601
003 DO-SdBNP
005 20250430121825.0
007 ta
008 110823s1979 dr 001 0 spa d
040 _aDO-SdBNP
_bspa
_cBNPHU
_erda
082 4 _a658.3
_bR696a
_222
100 1 _aRodríguez R., Víctor Melitón,
_97367
_eautor
245 1 0 _aAdministración de personal :
_bmanual práctico para sectores público y privado /
_cVíctor Melitón Rodríguez R.
264 _aSanto Domingo :
_bTipigrafía Vanderhorst,
_c1979.
300 _a485 páginas ;
_c22 cm.
336 _2rdacarrier
_atexto
_btxt
337 _2rdamedia
_asin mediación
_bn
338 _2rdacarrier
_avolumen
_bnc
500 _aIncluye referencias bibliográficas, notas al pie de las páginas e índice
590 _aInventariado, 2018/ YL
650 0 _aAdministración de personal
_91581
910 _aValidado. Control de calidad MFF
942 _2ddc
_cLBS1
999 _c37091
_d37091